Toda la verdad sobre la presente crisis / (Record no. 166110)
[ view plain ]
| 000 -LEADER | |
|---|---|
| campo de control de longitud fija | 00672nam a2200181 i 4500 |
| 001 - NÚMERO DE CONTROL | |
| campo de control | 166110 |
| 003 - IDENTIFICADOR DE NÚMERO DE CONTROL | |
| campo de control | ES-MaACL |
| 005 - FECHA Y HORA DE LA ÚLTIMA TRANSACCIÓN | |
| campo de control | 20250827063228.0 |
| 008 - DATOS DE LONGITUD FIJA--INFORMACIÓN GENERAL | |
| campo de control de longitud fija | 001024s1868 sp |||| | spa d |
| 080 ## - NÚMERO DE LA CLASIFICACIÓN DECIMAL UNIVERSAL | |
| Número de la Clasificación Decimal Universal | 32(460)"1843/68" |
| 100 1# - ENTRADA PRINCIPAL--NOMBRE DE PERSONA | |
| Nombre de persona | Tejado y Rodríguez, Gabino, |
| Fechas asociadas al nombre | 1819-1891 |
| 9 (RLIN) | 155667 |
| 245 10 - MENCIÓN DEL TÍTULO | |
| Título | Toda la verdad sobre la presente crisis / |
| Mención de responsabilidad, etc. | por Gabino Tejado. |
| 260 ## - PUBLICACIÓN, DISTRIBUCIÓN, ETC. | |
| Lugar de publicación, distribución, etc. | Madrid : |
| Nombre del editor, distribuidor, etc. | [s.n.], |
| Fecha de publicación, distribución, etc. | 1868 ( |
| Fabricante | Estab. Tip. de Tejado) |
| 300 ## - DESCRIPCIÓN FÍSICA | |
| Extensión | 67 p. ; |
| Dimensiones | 20 cm. |
| 651 #7 - PUNTO DE ACCESO ADICIONAL DE MATERIA--NOMBRE GEOGRÁFICO | |
| Nombre geográfico | España- |
| Subdivisión general | Política y gobierno- |
| Subdivisión cronológica | 1843-1868 |
| Fuente del encabezamiento o término | |
| 9 (RLIN) | 168642 |
| 852 4# - LOCALIZACIÓN | |
| Ubicación | ES-MaACL |
| Número de control de estantería | T-92-F-4 |
| Nota libre | - Enc. hol., falto de cub. original |
| -- | - Enc. en un vol. facticio |
| Estatus retirado | Estado de pérdida | Estado de daño | No para préstamo | Colección | Biblioteca de origen | Biblioteca actual | Ubicación en estantería | Fecha de adquisición | Total de préstamos | Signatura topográfica completa | Código de barras | Visto por última vez | Precio de reemplazo | Tipo de ítem Koha |
|---|---|---|---|---|---|---|---|---|---|---|---|---|---|---|
| Colección de folletos | Biblioteca del Ateneo de Madrid | Biblioteca del Ateneo de Madrid | Depósito folletos | 17/01/2008 | T-92-F-4 | 1174206 | 23/02/2023 | 23/02/2023 | Folleto |
